LEADER 01402nam0 2200361 450 001 9910338543203321 005 20191002133306.0 010 $a978-3-85033-305-4 100 $a20191001d2009----km y0itay50 ba 101 0 $ager 102 $aAT 105 $aa b 001yy 200 1 $aFotografie und das Unsichtbare, 1840-1900$e[Ausstellung in der Albertina, Wien, 11. Februar - 24. Mai 2009]$fHerausgeberin, Corey Keller ; Essays von Maren Gröning, Tom Gunning, Jennifer Tucker 210 $aWien$cAlbertina$cChristian Brandstätter Verlag$d2009 215 $a239 p.$cill.$d31 cm 225 1 $aAusstellung der Graphischen Sammlung Albertina 610 0 $aFotografia scientifica$aSec. 20.$aCataloghi di mostre 610 0 $aFotografia d'arte$aSec. 20.$aCataloghi di mostre 610 0 $aFotografia$aApplicazioni scientifiche$aSec. 20.$aCataloghi di mostre 610 0 $aCollezione grafica$aAlbertina$aVienna$aMostra 676 $a779.074$v22$zita 702 1$aGröning,$bMaren$f<1959- > 702 1$aKeller,$bCorey 702 1$aGunning,$bTom$f<1949- > 702 1$aTucker,$bJennifer 712 02$aGraphische Sammlung Albertina (Vienne) 801 0$aIT$bUNINA$gREICAT$2UNIMARC 901 $aBK 912 $a9910338543203321 952 $a779 MOSTRA VIENNA 2009$bbibl. 2019$fFLFBC 959 $aFLFBC 996 $aFotografie und das Unsichtbare, 1840-1900$91562141 997 $aUNINA LEADER 03252oas 2201333 a 450 001 9910134641003321 005 20260210213015.0 011 $a1555-0303 024 7 $aHV9261 035 $a(DE-599)ZDB2066321-3 035 $a(DE-599)2066321-3 035 $a(OCoLC)51941789 035 $a(CONSER) 2005212949 035 $a(CKB)954925399509 035 $a(EXLCZ)99954925399509 100 $a20030328a19379999 sa a 101 0 $aeng 135 $aurbn||||||||| 181 $ctxt$2rdacontent 182 $cc$2rdamedia 183 $acr$2rdacarrier 200 10$aFederal probation 210 $aWashington, D.C. $cAdministrative Office of the United States Courts 300 $a"A journal of correctional philosophy and practice." 311 08$a0014-9128 517 1 $aFederal probation newsletter 517 1 $aFed. Probation 606 $aCrime$zUnited States$vPeriodicals 606 $aProbation$zUnited States$vPeriodicals 606 $aCriminal Psychology 606 $aProbation (Droit)$zE?tats-Unis$vPe?riodiques 606 $aCrime$2fast$3(OCoLC)fst00882984 606 $aProbation$2fast$3(OCoLC)fst01077777 606 $aCrime$zUnited States$vPeriodicals$2nli 606 $aProbation$zUnited States$vPeriodicals$2nli 607 $aUnited States$2fast$1https://id.oclc.org/worldcat/entity/E39PBJtxgQXMWqmjMjjwXRHgrq 608 $aPeriodical 608 $aperiodicals.$2aat 608 $aPeriodicals.$2fast 608 $aPeriodicals.$2lcgft 608 $aPe?riodiques.$2rvmgf 608 $aElectronic journals.$2nli 615 0$aCrime 615 0$aProbation 615 2$aCriminal Psychology 615 6$aProbation (Droit) 615 7$aCrime. 615 7$aProbation. 615 7$aCrime 615 7$aProbation 676 $a364 712 02$aUnited States.$bAdministrative Office of the United States Courts. 712 02$aUnited States Probation System. 712 02$aUnited States.$bBureau of Prisons. 801 0$bAE# 801 1$bAE# 801 2$bOCLCQ 801 2$bNSD 801 2$bSLU 801 2$bDLC 801 2$bGPO 801 2$bYLS 801 2$bDOS 801 2$bOCLCQ 801 2$bGPO 801 2$bDLC 801 2$bCUS 801 2$bOCLCQ 801 2$bOCLCO 801 2$bCUS 801 2$bOCLCQ 801 2$bOCLCE 801 2$bLGG 801 2$bNUI 801 2$bGBT 801 2$bCUD 801 2$bOCLCO 801 2$bOCLCF 801 2$bOCLCQ 801 2$bVT2 801 2$bZAC 801 2$bU3W 801 2$bCOO 801 2$bLHU 801 2$bAUD 801 2$bYOU 801 2$bWT2 801 2$bKIJ 801 2$bDHA 801 2$bUAB 801 2$bCEF 801 2$bFIE 801 2$bOCLCQ 801 2$bOCLCO 801 2$bNJR 801 2$bS2H 801 2$bREC 801 2$bUEJ 801 2$bSRU 801 2$bQGK 801 2$bOCLCO 801 2$bIOY 801 2$bOCLCQ 801 2$bDYJ 801 2$bOCLCL 801 2$bIL4J6 801 2$bOCLCL 801 2$bOCLCQ 801 2$bOCLCL 801 2$bOCLCQ 906 $aJOURNAL 912 $a9910134641003321 996 $aFederal probation$91887096 997 $aUNINA